|
|
|
|
| LEADER |
00000nam a2200000 a 4500 |
| 001 |
UCX1453 |
| 003 |
CL-VaPUC |
| 008 |
900824e19710000GW |||||||||||||||||ger|d |
| 020 |
|
|
|a 379650115X
|
| 082 |
0 |
4 |
|a 103
|b RIT
|2 21
|
| 100 |
0 |
|
|a Ritter, Joachim
|e author
|9 316941
|
| 700 |
0 |
|
|a Gründer, Karlfried
|e author
|9 316942
|
| 700 |
0 |
|
|a Gabriel, Gottfried
|e author
|9 316943
|
| 245 |
1 |
0 |
|a Historisches Wörterbuch der Philosophie
|
| 300 |
|
|
|a v
|
| 942 |
|
|
|c BK
|
| 945 |
|
|
|d 19900824 00:00:00
|a oaravena
|
| 260 |
|
|
|a Stuttgart
|b Schwabe
|c 1971
|
| 500 |
|
|
|a v.1: A-C
|
| 500 |
|
|
|a v.2: D-F
|
| 500 |
|
|
|a v.3: G-H
|
| 500 |
|
|
|a v.4: I-K
|
| 500 |
|
|
|a v.5: L-Mn
|
| 500 |
|
|
|a v.6: Mo-O
|
| 500 |
|
|
|a v.7: P-Q
|
| 500 |
|
|
|a v.8: R- Sc
|
| 500 |
|
|
|a v.9: Se-Sp
|
| 500 |
|
|
|a v.10: St-T
|
| 500 |
|
|
|a v.11: U-V
|
| 500 |
|
|
|a v.12: W-Z
|
| 500 |
|
|
|a v.13: Register
|
| 650 |
|
0 |
|a Filosofía
|9 223554
|
| 650 |
|
7 |
|a DICCIONARIOS ALEMAN
|2 CL-VaPUC
|9 316944
|
| 583 |
|
|
|a last modification
|c 20150714 05:22:43
|k Rodrigo Vera
|
| 999 |
|
|
|c 222680
|d 222678
|
| 952 |
|
|
|0 0
|1 0
|4 0
|6 103_000000000000000_RIT_1971
|7 0
|8 X
|9 217746
|a BIBEDU
|b BIBEDU
|d 2019-11-15
|h v.7
|i 2866382
|l 3
|o 103 RIT 1971
|p 2866382
|r 2023-01-13
|s 2021-06-17
|w 2019-11-15
|y BK_X
|k FIL
|
| 952 |
|
|
|0 0
|1 0
|4 0
|6 103_000000000000000_RIT_1971
|7 0
|8 X
|9 217747
|a BIBEDU
|b BIBEDU
|d 2019-11-15
|h v.8
|i 2866390
|o 103 RIT 1971
|p 2866390
|r 2023-01-13
|w 2019-11-15
|y BK_X
|k FIL
|
| 952 |
|
|
|0 0
|1 0
|4 0
|6 103_000000000000000_RIT_1971
|7 0
|8 X
|9 217748
|a BIBEDU
|b BIBEDU
|d 2019-11-15
|h v.1
|i 1601482
|o 103 RIT 1971
|p 1601482
|r 2023-01-13
|w 2019-11-15
|y BK_X
|k FIL
|
| 952 |
|
|
|0 0
|1 0
|4 0
|6 103_000000000000000_RIT_1971
|7 0
|8 X
|9 217749
|a BIBEDU
|b BIBEDU
|d 2019-11-15
|h v.2
|i 1601393
|o 103 RIT 1971
|p 1601393
|r 2023-01-13
|w 2019-11-15
|y BK_X
|k FIL
|
| 952 |
|
|
|0 0
|1 0
|4 0
|6 103_000000000000000_RIT_1971
|7 0
|8 X
|9 217750
|a BIBEDU
|b BIBEDU
|d 2019-11-15
|h v.3
|i 1601342
|l 2
|o 103 RIT 1971
|p 1601342
|r 2023-11-22
|s 2023-11-22
|w 2019-11-15
|y BK_X
|k FIL
|
| 952 |
|
|
|0 0
|1 0
|4 0
|6 103_000000000000000_RIT_1971
|7 0
|8 X
|9 217751
|a BIBEDU
|b BIBEDU
|d 2019-11-15
|h v.4
|i 1601334
|o 103 RIT 1971
|p 1601334
|r 2023-01-13
|w 2019-11-15
|y BK_X
|k FIL
|
| 952 |
|
|
|0 0
|1 0
|4 0
|6 103_000000000000000_RIT_1971
|7 0
|8 X
|9 217752
|a BIBEDU
|b BIBEDU
|d 2019-11-15
|h v.5
|i 1601318
|o 103 RIT 1971
|p 1601318
|r 2023-01-13
|w 2019-11-15
|y BK_X
|k FIL
|
| 952 |
|
|
|0 0
|1 0
|4 0
|6 103_000000000000000_RIT_1971
|7 0
|8 X
|9 217753
|a BIBEDU
|b BIBEDU
|d 2019-11-15
|h v.6
|i 1601407
|o 103 RIT 1971
|p 1601407
|r 2023-01-13
|w 2019-11-15
|y BK_X
|k FIL
|
| 952 |
|
|
|0 0
|1 0
|4 0
|6 103_000000000000000_RIT_1971
|7 0
|8 X
|9 217754
|a BIBEDU
|b BIBEDU
|d 2019-11-15
|h v.9
|i 3240312
|o 103 RIT 1971
|p 3240312
|r 2023-01-13
|w 2019-11-15
|y BK_X
|k FIL
|
| 952 |
|
|
|0 0
|1 0
|4 0
|6 103_000000000000000_RIT_1971
|7 0
|8 DER_TF
|9 217755
|a BIBDER
|b BIBDER
|d 2019-11-15
|h v.1
|i 4673417
|o 103 RIT 1971
|p 4673417
|r 2019-11-15
|w 2019-11-15
|x Ubicación 4to Piso
|y BK_X
|z Estos recursos deben solicitarse con anticipación
|k DER
|
| 952 |
|
|
|0 0
|1 0
|4 0
|6 103_000000000000000_RIT_1971
|7 0
|8 DER_TF
|9 217756
|a BIBDER
|b BIBDER
|d 2019-11-15
|h v.2
|i 4673425
|o 103 RIT 1971
|p 4673425
|r 2019-11-15
|w 2019-11-15
|x Ubicación 4to Piso
|y BK_X
|z Estos recursos deben solicitarse con anticipación
|k DER
|
| 952 |
|
|
|0 0
|1 0
|4 0
|6 103_000000000000000_RIT_1971
|7 0
|8 DER_TF
|9 217757
|a BIBDER
|b BIBDER
|d 2019-11-15
|h v.3
|i 4673433
|o 103 RIT 1971
|p 4673433
|r 2019-11-15
|w 2019-11-15
|x Ubicación 4to Piso
|y BK_X
|z Estos recursos deben solicitarse con anticipación
|k DER
|
| 952 |
|
|
|0 0
|1 0
|4 0
|6 103_000000000000000_RIT_1971
|7 0
|8 DER_TF
|9 217758
|a BIBDER
|b BIBDER
|d 2019-11-15
|h v.4
|i 4673441
|o 103 RIT 1971
|p 4673441
|r 2019-11-15
|w 2019-11-15
|x Ubicación 4to Piso
|y BK_X
|z Estos recursos deben solicitarse con anticipación
|k DER
|
| 952 |
|
|
|0 0
|1 0
|4 0
|6 103_000000000000000_RIT_1971
|7 0
|8 DER_TF
|9 217759
|a BIBDER
|b BIBDER
|d 2019-11-15
|h v.5
|i 467345K
|o 103 RIT 1971
|p 467345K
|r 2019-11-15
|w 2019-11-15
|x Ubicación 4to Piso
|y BK_X
|z Estos recursos deben solicitarse con anticipación
|k DER
|
| 952 |
|
|
|0 0
|1 0
|4 0
|6 103_000000000000000_RIT_1971
|7 0
|8 DER_TF
|9 217760
|a BIBDER
|b BIBDER
|d 2019-11-15
|h v.6
|i 4673468
|o 103 RIT 1971
|p 4673468
|r 2019-11-15
|w 2019-11-15
|x Ubicación 4to Piso
|y BK_X
|z Estos recursos deben solicitarse con anticipación
|k DER
|
| 952 |
|
|
|0 0
|1 0
|4 0
|6 103_000000000000000_RIT_1971
|7 0
|8 DER_TF
|9 217761
|a BIBDER
|b BIBDER
|d 2019-11-15
|h v.7
|i 4673476
|o 103 RIT 1971
|p 4673476
|r 2019-11-15
|w 2019-11-15
|x Ubicación 4to Piso
|y BK_X
|z Estos recursos deben solicitarse con anticipación
|k DER
|
| 952 |
|
|
|0 0
|1 0
|4 0
|6 103_000000000000000_RIT_1971
|7 0
|8 DER_TF
|9 217762
|a BIBDER
|b BIBDER
|d 2019-11-15
|h v.8
|i 4673484
|o 103 RIT 1971
|p 4673484
|r 2019-11-15
|w 2019-11-15
|x Ubicación 4to Piso
|y BK_X
|z Estos recursos deben solicitarse con anticipación
|k DER
|
| 952 |
|
|
|0 0
|1 0
|4 0
|6 103_000000000000000_RIT_1971
|7 0
|8 DER_TF
|9 217763
|a BIBDER
|b BIBDER
|d 2019-11-15
|h v.9
|i 4673492
|o 103 RIT 1971
|p 4673492
|r 2019-11-15
|w 2019-11-15
|x Ubicación 4to Piso
|y BK_X
|z Estos recursos deben solicitarse con anticipación
|k DER
|
| 952 |
|
|
|0 0
|1 0
|4 0
|6 103_000000000000000_RIT_1971
|7 0
|8 DER_TF
|9 217764
|a BIBDER
|b BIBDER
|d 2019-11-15
|h v.10
|i 4673506
|o 103 RIT 1971
|p 4673506
|r 2019-11-15
|w 2019-11-15
|x Ubicación 4to Piso
|y BK_X
|z Estos recursos deben solicitarse con anticipación
|k DER
|
| 952 |
|
|
|0 0
|1 0
|4 0
|6 103_000000000000000_RIT_1971
|7 0
|8 DER_TF
|9 217765
|a BIBDER
|b BIBDER
|d 2019-11-15
|h v.11
|i 4673514
|o 103 RIT 1971
|p 4673514
|r 2019-11-15
|w 2019-11-15
|x Ubicación 4to Piso
|y BK_X
|z Estos recursos deben solicitarse con anticipación
|k DER
|
| 952 |
|
|
|0 0
|1 0
|4 0
|6 103_000000000000000_RIT_1971
|7 0
|8 DER_TF
|9 217766
|a BIBDER
|b BIBDER
|d 2019-11-15
|h v.12
|i 4673522
|o 103 RIT 1971
|p 4673522
|r 2019-11-15
|w 2019-11-15
|x Ubicación 4to Piso
|y BK_X
|z Estos recursos deben solicitarse con anticipación
|k DER
|
| 952 |
|
|
|0 0
|1 0
|4 0
|6 103_000000000000000_RIT_1971
|7 0
|8 DER_TF
|9 217767
|a BIBDER
|b BIBDER
|d 2019-11-15
|h v.13
|i 4673530
|o 103 RIT 1971
|p 4673530
|r 2023-01-25
|w 2019-11-15
|x Ubicación 4to Piso
|y BK_X
|z Estos recursos deben solicitarse con anticipación
|k DER
|